|
|
|
|
| LEADER |
00744 a2200193 4500 |
| 999 |
|
|
|c 92655
|d 92655
|
| 020 |
|
|
|a 9789339204105
|
| 082 |
|
|
|a 658.8
|b Q4
|
| 100 |
|
|
|a Chase, Richard B.
|9 52999
|
| 245 |
|
|
|a Operations and supply chain management/
|c Richard B Chase, Ravi Shankar and F Robert Jacobs.
|
| 250 |
|
|
|a 14th ed.
|
| 260 |
|
|
|a New Delhi:
|b McGraw Hill Education (India) Private Limited,
|c 2014.
|
| 300 |
|
|
|a xxxviii, 934 p.
|
| 504 |
|
|
|a Includes index.
|
| 650 |
|
|
|a Supply chain management.
|9 53041
|
| 700 |
|
|
|a Ravi Shankar.
|9 53042
|
| 700 |
|
|
|a Jacobs, F Robert.
|9 53002
|
| 942 |
|
|
|c BK
|
| 952 |
|
|
|0 0
|1 0
|4 0
|6 658_800000000000000_Q4
|7 0
|9 85203
|a MGUL
|b MGUL
|c GEN
|d 2016-10-05
|e CBD Bill No.010360 dated 29.03.2016
|g 699.00
|l 0
|o 658.8 Q4
|p 55185
|r 2016-10-05
|y BK
|